[Event "HUN-chT2 Toth 1617"]
[Site "Hungary"]
[Date "2017.03.12"]
[Round "10.8"]
[White "Banyai, Istvan"]
[Black "Gomori, Mihaly"]
[Result "1/2-1/2"]
[WhiteElo "1981"]
[BlackElo "1902"]
[PlyCount "79"]
[EventDate "2016.09.25"]
[EventType "team-tourn"]
[EventRounds "11"]
[EventCountry "HUN"]
[SourceTitle "EXT 2021"]
[Source "ChessBase"]
[SourceDate "2020.10.23"]
[SourceVersion "1"]
[SourceVersionDate "2020.10.23"]
[SourceQuality "1"]
[WhiteTeam "Gyula"]
[BlackTeam "Kecskemet Takisz"]
[WhiteTeamCountry "HUN"]
[BlackTeamCountry "HUN"]

1. e4 e5 2. Nf3 Nc6 3. Bb5 d6 4. 0-0 Nf6 5. Re1 a6 6. Ba4 b5 7. Bb3 Bg4 8. c3 Be7 9. h3 Bh5 10. d3 0-0 11. Bg5 h6 12. Bxf6 Bxf6 13. Bd5 Qd7 14. Nbd2 Rab8 15. Qc2 Ne7 16. Bb3 g5 17. Nh2 c5 18. a4 Kh8 19. axb5 axb5 20. g4 Bg6 21. Ra6 Ra8 22. Rea1 Rxa6 23. Rxa6 Bg7 24. Ndf1 d5 25. Qe2 dxe4 26. dxe4 Qb7 27. Ra5 c4 28. Bc2 Nc6 29. Ra1 Ra8 30. Rd1 Nd8 31. Qe3 Ne6 32. Ng3 Ra2 33. Rb1 Qa7 34. Qxa7 Rxa7 35. Nhf1 Nf4 36. Kh2 Bf8 37. Ne3 Bc5 38. Ngf5 Rd7 39. Rd1 Rxd1 40. Nxd1 1/2-1/2

[Event "HUN-chT2 Toth 1617"]
[Site "Hungary"]
[Date "2017.02.12"]
[Round "8.8"]
[White "Brhlik, Gyorgy"]
[Black "Gomori, Mihaly"]
[Result "1-0"]
[WhiteElo "1913"]
[BlackElo "1902"]
[PlyCount "73"]
[EventDate "2016.09.25"]
[EventType "team-tourn"]
[EventRounds "11"]
[EventCountry "HUN"]
[SourceTitle "EXT 2021"]
[Source "ChessBase"]
[SourceDate "2020.10.23"]
[SourceVersion "1"]
[SourceVersionDate "2020.10.23"]
[SourceQuality "1"]
[WhiteTeam "Bekes"]
[BlackTeam "Kecskemet Takisz"]
[WhiteTeamCountry "HUN"]
[BlackTeamCountry "HUN"]

1. Nf3 Nf6 2. d4 d5 3. c4 dxc4 4. Nc3 c6 5. a4 g6 6. e3 Bg7 7. Bxc4 0-0 8. 0-0 Nbd7 9. Re1 Nb6 10. Bb3 Nbd5 11. h3 b6 12. Bc4 Bb7 13. e4 Nxc3 14. bxc3 Nd7 15. Bf4 e6 16. Qd2 c5 17. Bh6 cxd4 18. cxd4 Nf6 19. Bxg7 Kxg7 20. e5 Nd5 21. Ng5 h6 22. Ne4 Qh4 23. Nd6 Bc6 24. Bf1 f5 25. g3 Qe7 26. Rec1 Bd7 27. Bg2 Rad8 28. Bxd5 exd5 29. f3 h5 30. Rc7 f4 31. Qg2 fxg3 32. Qxg3 Kh6 33. f4 h4 34. Qe3 Kh5 35. Kh2 Qe6 36. Rf1 Bxa4 37. Rh7# 1-0

[Event "HUN-chT2 Toth 1415"]
[Site "Hungary"]
[Date "2014.11.30"]
[Round "5.10"]
[White "Gomori, Mihaly"]
[Black "Szel, Aleks"]
[Result "1/2-1/2"]
[WhiteElo "1921"]
[BlackElo "1682"]
[PlyCount "92"]
[EventDate "2014.09.07"]
[EventType "team-tourn"]
[EventRounds "11"]
[EventCountry "HUN"]
[SourceTitle "EXT 2016"]
[Source "ChessBase"]
[SourceDate "2015.10.08"]
[SourceVersion "1"]
[SourceVersionDate "2015.10.08"]
[SourceQuality "1"]
[WhiteTeam "Takisz"]
[BlackTeam "Felegyhaza Csongrad"]
[WhiteTeamCountry "HUN"]
[BlackTeamCountry "HUN"]

1. e4 e6 2. Nf3 d5 3. exd5 exd5 4. d4 Bg4 5. Be2 Bxf3 6. Bxf3 Nf6 7. 0-0 Be7 8. c4 c6 9. c5 0-0 10. Nc3 Nbd7 11. b4 a5 12. b5 h6 13. a4 Re8 14. Ra2 Qc8 15. Re2 Bf8 16. Rxe8 Nxe8 17. b6 Nef6 18. g4 g6 19. Be3 Bg7 20. Qd2 Qf8 21. h4 Nh7 22. Bf4 Qd8 23. g5 h5 24. Bc7 Qc8 25. Re1 Nhf8 26. Ne2 Ne6 27. Bg3 Ndf8 28. Bg2 Qd8 29. Bh3 Bh8 30. f4 f5 31. Bf2 Kf7 32. Qd3 Ng7 33. Ng3 Qd7 34. Re5 Nge6 35. Nxf5 Bxe5 36. fxe5 Nf4 37. Nh6+ Kg7 38. Bxd7 Nxd3 39. Bh3 Nf4 40. Bf1 N4e6 41. Be3 Nd7 42. Bh3 Ndf8 43. Kf2 Ra6 44. Ke2 Ra8 45. Kd3 Ra6 46. Bd2 Ra8 1/2-1/2

[Event "HUN-chT2 Toth 1314"]
[Site "Hungary"]
[Date "2013.11.03"]
[Round "4.9"]
[White "Balogh, Ferenc1111"]
[Black "Gomori, Mihaly"]
[Result "1/2-1/2"]
[WhiteElo "1846"]
[BlackElo "1954"]
[PlyCount "96"]
[EventDate "2013.09.08"]
[EventType "team-tourn"]
[EventRounds "11"]
[EventCountry "HUN"]
[SourceTitle "EXT 2016"]
[Source "ChessBase"]
[SourceDate "2015.10.08"]
[SourceVersion "1"]
[SourceVersionDate "2015.10.08"]
[SourceQuality "1"]
[WhiteTeam "Szeged Maroczy II"]
[BlackTeam "Kecskemet Takisz"]
[WhiteTeamCountry "HUN"]
[BlackTeamCountry "HUN"]

1. e4 e6 2. Nf3 c5 3. d4 cxd4 4. Nxd4 a6 5. Nc3 Qc7 6. g3 Nc6 7. Bg2 Nf6 8. Be3 Be7 9. 0-0 d6 10. a3 Bd7 11. f4 Nxd4 12. Bxd4 Bc6 13. Qe2 e5 14. Be3 0-0 15. Rf2 Nd7 16. f5 Nf6 17. g4 h6 18. h4 Nh7 19. g5 hxg5 20. hxg5 Bxg5 21. Bxg5 Nxg5 22. f6 gxf6 23. Rxf6 Nh7 24. Rf2 f6 25. Raf1 Qg7 26. Qd3 Rad8 27. Ne2 d5 28. exd5 Bxd5 29. Qg3 Bxg2 30. Kxg2 Qxg3+ 31. Nxg3 Kf7 32. Ne4 Ke7 33. Nc5 Rd5 34. b4 a5 35. c4 Rd4 36. Rc1 axb4 37. axb4 Rg8+ 38. Kf1 Rgg4 39. Nxb7 Rxc4 40. Rxc4 Rxc4 41. Rb2 Kd7 42. Ke2 Ng5 43. Kd3 Rd4+ 44. Ke3 Kc6 45. Nc5 Kb5 46. Rb1 Rxb4 47. Rxb4+ Kxb4 48. Nd7 Nh7 1/2-1/2

[Event "HUN-chT2 Toth 1213"]
[Site "Hungary"]
[Date "2013.04.21"]
[Round "11.10"]
[White "Gomori, Mihaly"]
[Black "Diamant, Tibor"]
[Result "0-1"]
[WhiteElo "1966"]
[BlackElo "2107"]
[PlyCount "42"]
[EventDate "2012.09.16"]
[EventType "team-tourn"]
[EventRounds "11"]
[EventCountry "HUN"]
[SourceTitle "EXT 2014"]
[Source "ChessBase"]
[SourceDate "2013.11.20"]
[SourceVersion "1"]
[SourceVersionDate "2013.11.20"]
[SourceQuality "1"]
[WhiteTeam "Takisz"]
[BlackTeam "Mako II"]
[WhiteTeamCountry "HUN"]
[BlackTeamCountry "HUN"]

1. e4 c5 2. Nf3 Nc6 3. d4 cxd4 4. Nxd4 g6 5. Nc3 Bg7 6. Be3 Nf6 7. Bc4 0-0 8. 0-0 Nxe4 9. Nxe4 d5 10. Nxc6 bxc6 11. Bd3 dxe4 12. Bxe4 Qc7 13. Rb1 f5 14. Bf3 e5 15. Qe2 Be6 16. Qa6 e4 17. Be2 f4 18. Bc5 f3 19. Bxf8 fxe2 20. Bxg7 exf1Q+ 21. Rxf1 Kxg7 0-1

[Event "HUN-chT2 Toth 1213"]
[Site "Hungary"]
[Date "2013.03.03"]
[Round "8.10"]
[White "Gulyas, Zoltan"]
[Black "Gomori, Mihaly"]
[Result "0-1"]
[WhiteElo "2066"]
[BlackElo "1966"]
[PlyCount "29"]
[EventDate "2012.09.16"]
[EventType "team-tourn"]
[EventRounds "11"]
[EventCountry "HUN"]
[SourceTitle "EXT 2014"]
[Source "ChessBase"]
[SourceDate "2013.11.20"]
[SourceVersion "1"]
[SourceVersionDate "2013.11.20"]
[SourceQuality "1"]
[WhiteTeam "Ujszasz"]
[BlackTeam "Takisz"]
[WhiteTeamCountry "HUN"]
[BlackTeamCountry "HUN"]

1. d4 d5 2. Nf3 Nf6 3. b3 g6 4. Bb2 Bg7 5. e3 e6 6. Be2 0-0 7. 0-0 Nbd7 8. Nbd2 b6 9. c4 c5 10. dxc5 Nxc5 11. cxd5 Nxd5 12. Bxg7 Kxg7 13. Qc2 Bb7 14. b4 Nd7 15. Rfd1 0-1

[Event "HUN-chT2 Toth 0506"]
[Site "Hungary"]
[Date "2005.11.13"]
[Round "3"]
[White "Gomori, Mihaly"]
[Black "Berecz, Arpad"]
[Result "0-1"]
[WhiteElo "2120"]
[BlackElo "2127"]
[PlyCount "108"]
[EventDate "2005.10.16"]
[EventType "team"]
[EventRounds "11"]
[EventCountry "HUN"]
[SourceTitle "EXT 2009"]
[Source "ChessBase"]
[SourceDate "2008.11.26"]
[SourceVersion "1"]
[SourceVersionDate "2008.11.26"]
[SourceQuality "1"]
[WhiteTeam "Takisz"]
[BlackTeam "Maroczy"]
[WhiteTeamCountry "HUN"]
[BlackTeamCountry "HUN"]

1. e4 e5 2. Nf3 Nc6 3. d4 exd4 4. Nxd4 Nf6 5. Nxc6 bxc6 6. Bd3 d5 7. Qe2 Bg4 8. f3 Be6 9. Nd2 Bc5 10. b3 Bd4 11. Rb1 0-0 12. Bb2 Bb6 13. Rd1 Re8 14. Kf1 Nh5 15. Qe1 Qg5 16. Bc1 f5 17. Nc4 Qg6 18. Nxb6 axb6 19. exd5 Bxd5 20. Qf2 Nf6 21. a4 Rad8 22. h3 Ne4 23. fxe4 fxe4 24. Kg1 exd3 25. Rxd3 Be4 26. Rg3 Qf5 27. Qxf5 Bxf5 28. Bb2 g6 29. Rc3 Re2 30. Kh2 Rdd2 31. Rg1 Be4 32. Kg3 c5 33. Bc1 Rxc2 34. Rxc2 Rxc2 35. Bh6 Kf7 36. Rf1+ Ke6 37. Re1 Kd5 38. Rd1+ Kc6 39. Re1 Rxg2+ 40. Kf4 Bd5 41. Re7 Rf2+ 42. Kg4 Bxb3 43. Rxh7 Bxa4 44. Bf4 Kb5 45. Rxc7 Kb4 46. h4 Re2 47. Rg7 Re6 48. Kg5 c4 49. Rc7 c3 50. Bc1 Kb3 51. Bf4 b5 52. Rc5 b4 53. Be5 c2 54. Bf6 Rc6 0-1

[Event "HUN-chT2 Toth 0203"]
[Site "Hungary"]
[Date "2002.12.08"]
[Round "4"]
[White "Donko, Matyas"]
[Black "Gomori, Mihaly"]
[Result "1/2-1/2"]
[WhiteElo "2100"]
[BlackElo "2175"]
[PlyCount "91"]
[EventDate "2002.09.22"]
[EventType "team"]
[EventRounds "11"]
[EventCountry "HUN"]
[SourceTitle "EXT 2009"]
[Source "ChessBase"]
[SourceDate "2008.11.26"]
[SourceVersion "1"]
[SourceVersionDate "2008.11.26"]
[SourceQuality "1"]

1. e4 e5 2. Nf3 Nc6 3. Bb5 d6 4. d4 exd4 5. Qxd4 Bd7 6. Bxc6 Bxc6 7. Nc3 Nf6 8. Bg5 Be7 9. 0-0-0 h6 10. Bh4 0-0 11. e5 dxe5 12. Qxe5 Bd6 13. Qf5 Qd7 14. Qd3 Qg4 15. Bxf6 Qf4+ 16. Nd2 Qxf6 17. Nde4 Qf4+ 18. Kb1 Rad8 19. Qc4 Be5 20. Nd5 Rxd5 21. Rxd5 Bxd5 22. Qxd5 c6 23. Qc4 Rd8 24. f3 Kh8 25. Qe2 Qh4 26. g3 Qe7 27. Re1 Bf6 28. c3 Re8 29. Qd3 Qe6 30. Rd1 Rd8 31. Qe2 Be7 32. Rxd8+ Bxd8 33. Qd2 Be7 34. g4 f5 35. gxf5 Qxf5 36. Qe2 Bg5 37. b3 Bf4 38. Kb2 Qg6 39. b4 Qg1 40. h4 Qc1+ 41. Kb3 b5 42. Qd3 Qg1 43. Qd8+ Kh7 44. Qd3 Kh8 45. Qd8+ Kh7 46. Qd3 1/2-1/2